Āsūdagī : (Record no. 329549)
[ view plain ]
| 000 -LEADER | |
|---|---|
| fixed length control field | 01159cam a22003497a 4500 |
| 001 - CONTROL NUMBER | |
| control field | 14684921 |
| 003 - CONTROL NUMBER IDENTIFIER | |
| control field | NUST |
| 005 - DATE AND TIME OF LATEST TRANSACTION | |
| control field | 20210222131725.0 |
| 008 - FIXED-LENGTH DATA ELEMENTS--GENERAL INFORMATION | |
| fixed length control field | 070104s2007 pk 000 d urd |
| 010 ## - LIBRARY OF CONGRESS CONTROL NUMBER | |
| LC control number | 2006330988 |
| 020 ## - INTERNATIONAL STANDARD BOOK NUMBER | |
| International Standard Book Number | 9693519140 |
| 025 ## - OVERSEAS ACQUISITION NUMBER | |
| Overseas acquisition number | P-U-2006330988; 10; 11 |
| 038 ## - RECORD CONTENT LICENSOR | |
| Staff Name | shaban |
| 040 ## - CATALOGING SOURCE | |
| Original cataloging agency | DLC |
| Transcribing agency | DLC |
| 050 00 - LIBRARY OF CONGRESS CALL NUMBER | |
| Classification number | MLCSA 2006/00758 (P) |
| 082 ## - DEWEY DECIMAL CLASSIFICATION NUMBER | |
| Classification number | 891.4392 |
| Author Mark | AHM |
| 100 1# - MAIN ENTRY--PERSONAL NAME | |
| Personal name | Ashfāq Aḥmad, |
| Dates associated with a name | 1925-2004. |
| 9 (RLIN) | 639 |
| 245 10 - TITLE STATEMENT | |
| Title | Āsūdagī : |
| Remainder of title | Talqīn Shāh / |
| Statement of responsibility, etc. | Ashfāq Aḥmad. |
| 246 1# - VARYING FORM OF TITLE | |
| Display text | Title on t.p. verso: |
| Title proper/short title | Asoudgi (Talqeen Shah) |
| 260 ## - PUBLICATION, DISTRIBUTION, ETC. | |
| Place of publication, distribution, etc. | Lāhore : |
| Name of publisher, distributor, etc. | Sang-i Mīl Pablīkeshanz, |
| Date of publication, distribution, etc. | 2007. |
| 300 ## - PHYSICAL DESCRIPTION | |
| Extent | 512 p. ; |
| Dimensions | 21 cm. |
| 500 ## - GENERAL NOTE | |
| General note | Play. |
| 546 ## - LANGUAGE NOTE | |
| Language note | In Urdu. |
| 563 ## - BINDING INFORMATION | |
| Binding note | HB |
| 650 ## - SUBJECT ADDED ENTRY--TOPICAL TERM | |
| Topical term or geographic name entry element | Urdu Literature |
| 9 (RLIN) | 347 |
| 880 ## - ALTERNATE GRAPHIC REPRESENTATION | |
| Linkage | 100-01\(3\r |
| Title | اشفاق احمد |
| 880 ## - ALTERNATE GRAPHIC REPRESENTATION | |
| Linkage | 245-02\(3\r |
| Title | آسودگی |
| b | تلقین شاہ |
| c | اشفاق احمد |
| 880 ## - ALTERNATE GRAPHIC REPRESENTATION | |
| Linkage | 260-03\(3\r |
| Title | لاہور: |
| b | سنگ میل پبلی کیشنز، |
| c | 2007 |
| 906 ## - LOCAL DATA ELEMENT F, LDF (RLIN) | |
| a | 7 |
| b | cbc |
| c | orignew |
| d | 4 |
| e | ncip |
| f | 20 |
| g | y-gencatlg |
| 942 ## - ADDED ENTRY ELEMENTS (KOHA) | |
| Source of classification or shelving scheme | |
| Koha item type | Book |
| Withdrawn status | Lost status | Source of classification or shelving scheme | Damaged status | Not for loan | Permanent Location | Current Location | Shelving location | Date acquired | Total Checkouts | Total Renewals | Full call number | Barcode | Date last seen | Date last checked out | Copy number | Price effective from | Koha item type |
|---|---|---|---|---|---|---|---|---|---|---|---|---|---|---|---|---|---|
| Central Library (CL) | Central Library (CL) | Fiction | 05/12/2017 | 8 | 6 | 891.4392 AHM | CL1772 | 07/23/2025 | 07/07/2025 | 1 | 05/12/2017 | Book |
